| 000 | 00942nam a2200277 a 4500 | ||
|---|---|---|---|
| 001 | 14526 | ||
| 003 | BD-RjUL | ||
| 005 | 20211208235638.0 | ||
| 008 | 140206m19561952nyua 001 0 eng | ||
| 035 | _a(BD-RjUL)14579 | ||
| 040 |
_aDLC _cODaWU _dOCoLC _dDLC _dBD-RjUL _beng |
||
| 041 | _aeng | ||
| 082 | 0 | 0 |
_a621.3 _bDAC 1956 |
| 100 | 1 |
_aDawes, Chester L. _d1886- _945305 _q (Chester Laurens), |
|
| 245 | 1 | 2 |
_aA course in electrical engineering / _cby Chester L. Dawes. _nVolume II : _pAlternating currents. |
| 250 | _a4th ed. | ||
| 260 |
_aNew York ; _aLondon : _bMcGraw-Hill Book Company, inc., _c1952-1956. |
||
| 300 |
_aV. : _billus., diagrs. ; _c24 cm. |
||
| 490 | 0 | _aElectrical engineering texts | |
| 504 | _aIncludes index. | ||
| 505 | _aVol 1, Direct Currents --v. .2. Alternating Currents | ||
| 650 | 0 |
_aElectrical engineering. _945306 |
|
| 830 |
_aElectrical engineering texts _9233889 |
||
| 942 |
_2ddc _cBK |
||
| 999 |
_c14526 _d14526 |
||